Bilecik Bilecik Bilecik Bilecik Bilecik

Tefsiru'l-Büşra : (Record no. 50636)

MARC details
000 -BAŞLIK
Sabit Uzunluktaki Kontrol Alanı 01173nam a22003497a 4500
001 - KONTROL NUMARASI
Control Dosyası 0050804
003 - KONTROL NUMARASI KİMLİĞİ
Kontrol Alanı KOHA_MİRAKIL
005 - EN SON İŞLEM TARİHİ ve ZAMANI
Kontrol Alanı 20260207003741.0
007 - FİZİKSEL TANIM SABİT ALAN - GENEL BİLGİ
Sabit uzunluklu kontrol alanı ta
008 - SABİT UZUNLUKTAKİ VERİ ÖGELERİ - GENEL BİLGİ
Sabit Alan 150629b2013 tu |||gr||||#||||0|tur |
020 ## - ISBN - ULUSLARARASI STANDART KİTAP NUMARASI
Isbn 9789944339704
040 ## - KATALOGLAMA KAYNAĞI
Özgün Kataloglama Kurumu TR-BiSEU
Kataloglama Dili tur
Çeviri Kurumu TR-BiSEU
Açıklama Kuralları rda
041 0# - DİL KODU
Metin ya da ses kaydının dil kodu tur
044 ## - YAYINLAYAN/ÜRETEN KURULUŞUN ÜLKE KODU
ISO country code tu
050 ## - SINIFLAMA ve YER NUMARASI
Sınıflama Numarası BP130.4
Yer Numarası .E74 2013
100 1# - KİŞİ ADI
Yazar Adı (Kişi adı) Ergun, Atilla Fikri.
245 1# - ESER ADI BİLDİRİMİ
Başlık Tefsiru'l-Büşra :
Alt Eseradı vb. iyi haber Kur'an :
-- nüzul sırasına göre Kur'an-ı Kerim tefsiri :
-- vahyin ilk yılları/
Sorumluluk Bildirimi Atilla Fikri Ergun ; Atilla Fikri Ergün ; genel yayın yönetmeni Uğur Yağmurdereli..
264 #1 - ÜRERİM, YAYIN, DAĞITIM ve TELİF BİLDİRİMİ
Yayın yeri İstanbul :
Yayınlayan Kibele
Yayın tarihi 2013
300 ## - FİZİKSEL TANIMLAMA
Sayfa, Cilt vb. c. ;
Boyutları 20 cm.
336 ## - İÇERİK TÜRÜ
Content type term metin
Content type code txt
Source rdacontent
337 ## - MEDYA TÜRÜ
Media type term aracısız
Media type code n
Source rdamedia
338 ## - TAŞIYICI TÜRÜ
Carrier type term cilt
Carrier type code nc
Source rdacarrier
490 1# - DİZİ BİLDİRİMİ
Dizi Bildirimi Kibele yayınları ;
Cilt Numarası 48.
490 1# - DİZİ BİLDİRİMİ
Dizi Bildirimi Kur'an Tefsiri ;
Cilt Numarası 1.
650 #0 - KONU BAŞLIĞI EK GİRİŞ - KONU TERİMİ
Konusal terim veya coğrafi ad Koran--Commentaries.
9 (RLIN) 54653
650 #0 - KONU BAŞLIĞI EK GİRİŞ - KONU TERİMİ
Konusal terim veya coğrafi ad Koran--Criticism, interpretation, etc.
9 (RLIN) 38997
650 #0 - KONU BAŞLIĞI EK GİRİŞ - KONU TERİMİ
Konusal terim veya coğrafi ad Koran--Translating.
9 (RLIN) 93683
650 #0 - KONU BAŞLIĞI EK GİRİŞ - KONU TERİMİ
Konusal terim veya coğrafi ad Koran.
9 (RLIN) 7573
830 1# - SERİ EK GİRİŞİ - TEKBİÇİM ESER ADI
Tekbiçim Başlık Kibele yayınları ;
Volume number/sequential designation 48.
9 (RLIN) 94028
830 1# - SERİ EK GİRİŞİ - TEKBİÇİM ESER ADI
Tekbiçim Başlık Kur'an Tefsiri ;
Volume number/sequential designation 1.
9 (RLIN) 94029
942 ## - EK GİRİŞ ÖGELERİ (KOHA)
Source of classification or shelving scheme Library of Congress Classification
Koha item type Book
Holdings
Materyal Türü Kalıcı Konum Mevcut Konum Raf Yeri Sınıflandırma Kaynağı Edinim Bilgisi Ana Konular Alt Konular Yer Numarası Demirbaş Numarası Fatura Tarihi Maliyet, Alış Fiyatı Maliyet, Yenileme Fiyatı Geri Çekilme Durumu Kayıp Durumu Hasarlı Durumu Kredi için değil Kayıt Tarih Toplam Ödünçverme Son Görülme Tarihi Son Kontrol Tarihi Satın Alma Notu
Book Prof. Dr. Azmi Özcan Kütüphanesi Prof. Dr. Azmi Özcan Kütüphanesi Uluğbey Salonu Library of Congress Classification Satın FELSEFE, PSİKOLOJİ, DİN İslam, Bahailik, Teozofi vb. BP130.4 .E74 2013 0050804 07/07/2015 15.51 15.51         29/06/2015   05/12/2024 05/12/2024 B-984687 - B-984797